Las audiencias públicas de la Corte Suprema : Apertura y límites de la participación ciudadana en la justicia /
Guardado en:
| Autores Principales: | , |
|---|---|
| Formato: | Libro |
| Idioma: | Spanish |
| Publicado: |
Ciudad Autónoma de Buenos Aires :
Siglo XXI Editores Argentina,
2016.
|
| Edición: | 1ª ed. |
| Series: | Derecho y política
|
| Materias: | |
| Etiquetas: |
Agregar Etiqueta
Sin Etiquetas, Sea el primero en etiquetar este registro!
|
| LEADER | 01163nam a22002175a 4500 | ||
|---|---|---|---|
| 001 | DER.der014735 | ||
| 008 | 220622s2016####ag############000#0#spa#d | ||
| 005 | 20220622142501.0 | ||
| 245 | 1 | 0 | |a Las audiencias públicas de la Corte Suprema : |b Apertura y límites de la participación ciudadana en la justicia / |c Miguel Ángel Benedetti y María Jimena Sáenz. |
| 250 | |a 1ª ed. | ||
| 260 | |a Ciudad Autónoma de Buenos Aires : |b Siglo XXI Editores Argentina, |c 2016. | ||
| 300 | |a 288 p. ; |c 14 x 21 cm. | ||
| 490 | 1 | |a Derecho y política / dirigida por Roberto Gargarella y Paola Bergallo | |
| 505 | 0 | |a Las audiencias públicas en contexto. Emergencias de una nueva Corte -- Las audiencias públicas en el texto. Su regulación por la Acordada 30/2007 -- Las audiencias públicas en acción. Aproximación al perfil de la práctica -- las Audiencias públicas vuelven a los textos. Sus usos en las sentencias | |
| 020 | |a 9789876296786 | ||
| 100 | 1 | |a Benedetti, Miguel Ángel. | |
| 700 | 1 | |a Sáenz, María Jimena. |4 aut | |
| 830 | 0 | |a Derecho y política | |
| 082 | 0 | 4 | |a 340.1 |2 21 |
| 650 | 7 | |a participación ciudadana |2 SAIJ | |
| 859 | |a DERECHO |b BIB. DERECHO |h 340.1 |i B462 |p 0010079 |t 1 | ||
